Harrap's primary science series / (Record no. 7914)
[ view plain ]
| 000 -LEADER | |
|---|---|
| fixed length control field | 00642nam a22002413 4500 |
| 001 - CONTROL NUMBER | |
| JCCL Control Number | 7914 |
| 003 - CONTROL NUMBER IDENTIFIER | |
| JCCL marc code | BD - JhCC |
| 005 - DATE AND TIME OF LATEST TRANSACTION | |
| control field | 20180802133610.0 |
| 008 - FIXED-LENGTH DATA ELEMENTS--GENERAL INFORMATION | |
| fixed length control field | 971106m19629999enk 000 0 eng d |
| 035 ## - SYSTEM CONTROL NUMBER | |
| system control number | (BD - JhCC)7914 |
| 040 ## - CATALOGING SOURCE | |
| Original cataloging agency | EQO |
| Transcribing agency | EQO |
| Modifying agency | BD-JhCC |
| 041 ## - LANGUAGE CODE | |
| Language code of Book | eng |
| 082 ## - DEWEY DECIMAL CLASSIFICATION NUMBER | |
| Author mark and Year | LAU 1962 |
| Classification number | 500 |
| 100 1# - MAIN ENTRY--PERSONAL NAME | |
| Personal name | Lauwerys, Joseph Albert. |
| 245 10 - TITLE STATEMENT | |
| Title | Harrap's primary science series / |
| Statement of responsibility, etc | adapted from the Heath science series, by H. and N. Schneider. |
| 260 ## - PUBLICATION, DISTRIBUTION, ETC. (IMPRINT) | |
| Place of publication, distribution, etc | Lond. &c., |
| Date of publication, distribution, etc | 1962- |
| 300 ## - PHYSICAL DESCRIPTION | |
| Pagination | 128 p. ; |
| Dimensions | 20 cm. |
| 650 ## - SUBJECT ADDED ENTRY--TOPICAL TERM | |
| Topical term or geographic name as entry element | Science |
| 700 1# - ADDED ENTRY--PERSONAL NAME | |
| Personal name | Schneider, H. |
| 700 1# - ADDED ENTRY--PERSONAL NAME | |
| Personal name | Schneider, N. |
| 942 ## - ADDED ENTRY ELEMENTS (KOHA) | |
| Source of classification or shelving scheme | Dewey Decimal Classification |
| Koha item type | Books |
| Source of classification or shelving scheme | Damaged status | Not for loan | Home library | Current library | Shelving location | Total Checkouts | Full call number | Barcode | Date last seen | Copy number | Koha item type |
|---|---|---|---|---|---|---|---|---|---|---|---|
| Dewey Decimal Classification | JCC Rouf Library | JCC Rouf Library | General Stacks | 500 LAU 1962 | 830 | 02/15/2018 | C-1 | Books |